00812nam a22002057a 4500999001700000003000900017008004100026040007100067082002200138100002200160245003300182260003300215300002800248505013800276650002900414650003200443942001600475945002000491952009500511 c18103d18103AR-CdUCM190511b ||||| |||| 00| 0 spa d aMUNICIPALIDAD PROVINCIAL DEL CUSCOcBIBLIOTECA MUNICIPAL DEL CUSCO a580 /bC8223 ed. aCoulter, Merle C. aHistoria del reino vegetal / aArgentina :bPleamar,c1961. a299 páginas ;c19 cm. aContenido : Plantas primitivas -- Las algas superiores -- La invasión de la tierra -- Bacterias -- Plantas de semilla primitiva ... aMedicina general.921670 aPlantas medicinales.914338 2ddccLIBROS arumd2019-05-11 002ddc4070aSCbSCcCARTd2019-05-11g20.00o580 / C82pSC0000001602r2019-05-11yLIBROS